| 000 | 00373nam a22001097a 4500 | ||
|---|---|---|---|
| 999 |
_c534575 _d534575 |
||
| 020 | _a978-969-8040-29-1 | ||
| 082 | _aProceeding | ||
| 245 |
_aproceeding of National information Security Seminar (NISS-2011, Islamabad) / _cPASTIC, PSF, RIU, NUST, NTISB, CASE, Business Beam. |
||
| 300 |
_a232 p. _c28cm. |
||
| 650 |
_aproceeding - information Security, _928789 |
||
| 942 | _cBK | ||